|
|
|
|
| LEADER |
00000nam0a2200000 4500 |
| 001 |
127290 |
| 005 |
20231031132201.0 |
| 035 |
|
|
|a (RuTPU)RU\TPU\book\137693
|
| 090 |
|
|
|a 127290
|
| 100 |
|
|
|a 20071213d1969 km y0rusy50 ca
|
| 101 |
0 |
|
|a rus
|
| 102 |
|
|
|a LV
|
| 105 |
|
|
|a a g 001zy
|
| 200 |
1 |
|
|a Физические и механические свойства стеклопластиков
|e справочное пособие
|f Академия наук Латвийской ССР (АН ЛатССР) ; Институт механики полимеров ; под ред. Ю. М. Молчанова
|
| 210 |
|
|
|a Рига
|c Зинатне
|d 1969
|
| 215 |
|
|
|a 267 с.
|c ил.
|
| 320 |
|
|
|a Библиогр.: с. 259-263.
|
| 610 |
1 |
|
|a стеклопластиковые материалы
|
| 610 |
1 |
|
|a физические свойства
|
| 610 |
1 |
|
|a химические свойства
|
| 610 |
1 |
|
|a испытания
|
| 610 |
1 |
|
|a типы
|
| 610 |
1 |
|
|a справочники
|
| 675 |
|
|
|a 624.91.17(035)
|v 3
|
| 675 |
|
|
|a 679.56.747(035)
|v 3
|
| 702 |
|
1 |
|a Молчанов
|b Ю. М.
|4 340
|
| 712 |
0 |
2 |
|a Академия наук Латвийской ССР (АН ЛатССР)
|b Институт механики полимеров (ИМП)
|2 stltpush
|3 (RuTPU)RU\TPU\col\13264
|
| 801 |
|
1 |
|a RU
|b 63413507
|c 20071213
|g PSBO
|
| 801 |
|
2 |
|a RU
|b 63413507
|c 20100224
|g PSBO
|
| 942 |
|
|
|c BK
|